000
00318nam a2200133Ia 4500
005
20251222144835.0
008
251222s9999||||xx |||||||||||||| ||spa||
020
_a
84-317-0554-8
082
_a
362.106.8/G56
100
_a
Godoy Castillo, Eduardo
245
0
_a
Salud y Cambio Social:
264
_b
Zero
942
_c
LIB
999
_c
21005
_d
21005